000 00901nas a2200253 4500
001 BR9207464
003 BR-BrBNA
005 20231205095031.0
007 ta
008 230509b bl.|||p| |||| 00| 00por d
040 _aBR-BrBNA
_bpor
_cBiblioteca Nacional de Agricultura
041 _a(Pt)
072 _aH10
100 1 _aMattana, A.L.
100 1 _aFoerster, L.A.
245 1 _aConsumo e utilizacao de folhas de bracatinga (Mimosa scabrella), (Bentham)(Leguminosae)e batata doce (Ipomoea batatas L.)(Convolvulaceae)por larvas de Spodoptera eridani (Cramer, 1782)(Lepidoptera, Noctuidae)
650 _aBracatinga
650 _aBatata Doce
650 _aPraga de Planta
650 _aLagarta
773 0 _tAnais da Sociedade Entomologica do Brasil (Brazil)
_xISSN 0301-8059
_g(1988), v. 17(suppl.) p. 95-105
_wBR9207464
909 _a202311
_bLúcia
_c55
_dLúcia Elande
942 _2AGRIS
_n0
_cANA
999 _c148375
_d148375